Internet 'hotel' to build own power plant (Record no. 65545)

MARC details
000 -LEADER
fixed length control field 00809cam a2200205 4500
001 - CONTROL NUMBER
control field WB3648-24
008 - FIXED-LENGTH DATA ELEMENTS--GENERAL INFORMATION
fixed length control field 000000n2000 000 0 eng u
035 ## - SYSTEM CONTROL NUMBER
System control number (Sirsi) u109866
245 ## - TITLE STATEMENT
Title Internet 'hotel' to build own power plant
260 ## - PUBLICATION, DISTRIBUTION, ETC.
Date of publication, distribution, etc. 2000
490 ## - SERIES STATEMENT
Series statement Financial Times
Volume/sequential designation 7 December 2000, 2(1)
520 ## - SUMMARY, ETC.
Summary, etc. Internet service provider Guardian iT Group, which is constructing Europe's largest website hosting centre - or 'internet hotel', is to side-step electricity supply problems in London by building its own gas-fired power plant. This will be designed, constructed and maintained by PowerGen.
590 ## - LOCAL NOTE (RLIN)
Local note WB
650 ## - SUBJECT ADDED ENTRY--TOPICAL TERM
Topical term or geographic name entry element INTERNET HOTELS
650 ## - SUBJECT ADDED ENTRY--TOPICAL TERM
Topical term or geographic name entry element POWER PLANTS
650 ## - SUBJECT ADDED ENTRY--TOPICAL TERM
Topical term or geographic name entry element POWERGEN
650 ## - SUBJECT ADDED ENTRY--TOPICAL TERM
Topical term or geographic name entry element ELECTRICITY SUPPLY
690 ## - LOCAL SUBJECT ADDED ENTRY--TOPICAL TERM (OCLC, RLIN)
Topical term or geographic name as entry element INFORMATION TECHNOLOGY-INTERNET
942 ## - ADDED ENTRY ELEMENTS (KOHA)
Suppress in OPAC 0
Holdings
Withdrawn status Lost status Source of classification or shelving scheme Damaged status Not for loan Home library Current library Shelving location Date acquired Total Checkouts Full call number Barcode Date last seen Copy number Price effective from Koha item type
    Dewey Decimal Classification     London London News article 07/12/2000   WB3648-24 109866-1001 06/08/2019 1 06/08/2019 News article